| Поле | Название | Значение |
| |
Тип записи |
a |
| |
Библиографический уровень |
m |
| 001 |
Контрольный номер |
RU\infra-m\znanium\bibl\2214703 |
| 005 |
Дата корректировки |
20260429142308.5 |
| 008 |
Кодируемые данные |
260119s2026 RU g rus u |
| 020 |
Индекс ISBN |
__ |
| a |
ISBN |
978-5-00091-105-1 |
| 020 |
Индекс ISBN |
__ |
| a |
ISBN |
978-5-16-103269-5 (электр. издание) |
| 020 |
Индекс ISBN |
__ |
| a |
ISBN |
978-5-16-011161-2 (ISBN соиздателя) |
| 040 |
Источник каталогиз. |
__ |
| a |
Служба первич. каталог. |
Общество с ограниченной ответственностью «ЗНАНИУМ» |
| 041 |
Код языка издания |
__ |
| a |
Код языка текста |
rus |
| 044 |
Код страны публикации |
__ |
| a |
Код страны публикации |
RU |
| 080 |
Индекс УДК |
__ |
| a |
Индекс УДК |
621 |
| 084 |
Индекс другой классификации/Индекс ББК |
__ |
| 2 |
Источник индекса |
rubbk |
| a |
Индекс другой классификации/Индекс ББК |
34.5 |
| 084 |
Индекс другой классификации/Индекс ББК |
__ |
| 2 |
Источник индекса |
okso |
| a |
Индекс другой классификации/Индекс ББК |
15.03.01 |
| 100 |
Автор |
__ |
| a |
Автор |
Султан-заде Н.М. |
| q |
Полное имя |
Султан-заде Назим Музаффарович |
| 245 |
Заглавие |
__ |
| a |
Заглавие |
Технологии машиностроения. Выпускная квалификационная работа для бакалавров |
| b |
Продолж. заглавия |
Учебное пособие |
| c |
Ответственность |
Московский государственный технологический университет "Станкин" |
| 250 |
Сведения об издании |
__ |
| a |
Основные сведения об издании |
1 |
| 260 |
Выходные данные |
__ |
| a |
Место издания |
Москва |
| b |
Издательство |
Издательство "ФОРУМ" |
| c |
Дата издания |
2026 |
| 300 |
Физическое описание |
__ |
| a |
Объем |
288 с. |
| 440 |
Серия |
__ |
| a |
Серия |
Высшее образование: Бакалавриат |
| 520 |
Аннотация |
__ |
| a |
Аннотация |
В учебном пособии показаны тематика и состав выпускной квалификационной работы содержание пояснительной записки и графической части. Указания по проектированию технологического процесса механической обработки деталей сопровождаются примерами отработки конструкции деталей на технологичность выбора технологических баз типа производства вида заготовки построения оптимального маршрута механической обработки и технологических операций проектирования технологической оснастки. Учтены требования государственных стандартов. Приведен список литературы рекомендуемой для выполнения проекта. Пособие предназначено для студентов высших учебных заведений всех форм обучения обучающихся по направлению подготовки 151900 «Конструкторско-технологическое обеспечение машиностроительных производств». |
| 521 |
Примеч. о цел. назн. |
__ |
| a |
Примеч. о целев. назн. |
ВО - Бакалавриат |
| 650 |
Тематические рубрики |
__ |
| a |
Основная рубрика |
Промышленность. Энергетика |
| x |
Основная подрубрика |
Технология машиностроения |
| 655 |
Указ. предметных рубрик (устаревшее) |
__ |
| a |
Жанр/ форма (устаревшее) |
Учебное пособие |
| 700 |
Другие авторы |
__ |
| a |
Другие авторы |
Клепиков В.В. |
| q |
Полное имя |
Клепиков Виктор Валентинович |
| u |
Дополнение |
Московский политехнический университет |
| 700 |
Другие авторы |
__ |
| a |
Другие авторы |
Солдатов В.Ф. |
| q |
Полное имя |
Солдатов Валерий Федорович |
| u |
Дополнение |
Московский политехнический университет |
| 700 |
Другие авторы |
__ |
| a |
Другие авторы |
Преображенская Е.В. |
| q |
Полное имя |
Преображенская Елена Викторовна |
| u |
Дополнение |
Московский государственный технологический университет "Станкин" |
| 700 |
Другие авторы |
__ |
| a |
Другие авторы |
Панчишин В.И. |
| q |
Полное имя |
Панчишин Владимир Иванович |
| 700 |
Другие авторы |
__ |
| a |
Другие авторы |
Схиртладзе А.Г. |
| q |
Полное имя |
Схиртладзе Александр Георгиевич |
| u |
Дополнение |
Московский государственный технологический университет "Станкин" |
| 856 |
Электронный адрес документа |
4_ |
| a |
Имя сервера/домена |
znanium.ru |
| m |
Помощь |
ebs_support@infra-m.ru |
| n |
Местонахождение сервера |
НИЦ ИНФРА-М |
| u |
URL |
https://znanium.ru/catalog/document?id=476541 |
| 856 |
Электронный адрес документа |
48 |
| a |
Имя сервера/домена |
znanium.ru |
| d |
Путь |
/cover/2214 |
| f |
Электронное имя |
2214703.jpg |
| q |
Тип электронного формата |
image/jpeg |
| u |
URL |
https://znanium.ru/cover/2214/2214703.jpg |
| 911 |
|
__ |
| u |
|
0030=https://znanium.ru/catalog/document?id=476541 |
| 911 |
|
__ |
| u |
|
712a=Московский государственный технологический университет "Станкин" |